Normal view
MARC view
Entry Nombre geográfico
001 - NÚMERO DE CONTROL
- campo de control: 226959
003 - IDENTIFICADOR DE NÚMERO DE CONTROL
- campo de control: ES-MaACL
005 - FECHA Y HORA DE LA ÚLTIMA TRANSACCIÓN
- campo de control: 20240228143232.0
008 - ELEMENTOS DE DATO DE LONGITUD-FIJA
- campo de control de longitud fija: 230627|| aca||aabn | a|a d
040 ## - FUENTE DE CATALOGACIÓN
- Centro catalogador/agencia de origen: ES-MaACL
- Centro/agencia transcriptor: ES-MaACL
151 ## - ENCABEZAMIENTO--NOMBRE GEOGRÁFICO
- Nombre geográfico: España-
- Subdivisión general: Relaciones económicas-
- Subdivisión geográfica: Portugal
670 ## - FUENTE DE DATOS ENCONTRADOS
- Cita de la fuente: Work cat.: (ES-MaACL)180823: Prieto Pazos, Faustino. 226957, El tratado de comercio con Portugal y su especial influencia para la vida y desarrollo económico de Madrid /
